000 00643nam a2200181Ia 4500
008 100920s9999 xx 000 0 und d
082 _b102797
_a930 न 08
100 _aरानडे प्रतिभा.
245 _aझाशीची राणी लक्ष्मीबाई.
260 _bराजहंस, पुणे.
_c2008
300 _a221
_bसाधी
365 _b175
520 _aइतिहास.
630 _aझाशीची राणी लक्ष्मीबाई.
650 _aइतिहास.
730 _aझाशीची राणी लक्ष्मीबाई.
942 _cBOOK
999 _c743229
_d743226